000
00317nam a22001337a 4500
008
171005b xxu||||| |||| 00| 0 eng d
020
_a
9780205160693
041
_a
eng
080
_2
3RD
_a
519.9
100
_a
48
101
_a
PSI
245
_a
INTRPDUCTION TO AUDIOLOGIC REHABILITATION
_c
SCHOW,R.L
942
_2
udc
_c
BK
999
_c
31909
_d
31909